000 00320 a2200157 4500
001 177001
020 _a
040 _cMagnum
100 _aAntonio, Marco
240 1 0 _aSexualidade/v.1
_lpor
245 1 0 _aSexualidade/v.1
362 0 _a1899
440 1 _aLĂȘ
697 _aMAGNITO: EDUCACAO FAMILIAR
942 _cBK
999 _c177001
_d177001